000 00950ntaaa2200253 4500
003 01
005 20251027203335.0
008 0714s1973 ag 01
040 _aAR-BaBN
_bspa
_cAR-BaBN
_eaacr
_dRIC
100 _aChávez, Sara Raquel
_937189
245 _aLa responsabilidad educativa-evangelística de los padres con mención a la crisis adolescente /
_cSara Raquel Chávez
260 _a[Buenos Aires],
_c2014
300 _a39 h. ;
_c30 cm.
500 _a"En convenio con la Asamblea Apostólica de la fe en Cristo Jesús"
500 _aBibliografía: h. 38-39
502 _a(licenciatura)-Seminario Internacional Teológico Bautista, 2014
505 _tCap. I. Valores sociales contra educación cristiana
505 _tCap. II. Crisis de fe de los hijos adolescentes
505 _tCap. III. Modelo y antimodelo: dos familias de la Biblia
650 _aTESIS
650 _aEDUCACION CRISTIANA
_9405
650 _aFAMILIA
942 _cBK
999 _c28907
_d28907